00453 2200169 4500001002100000005001500021035002000036245007000056100001600126250001600142300003000158700001800188260003700206082000800243084001400251020001800265INLIS00000000000031820240201081923 a0010-02240000021 aNew Frontiers 1A :bStudent Book /cThomas Hong dan Gareth Powell0 aThomas Hong aA1 Beginner a148 hlm. :bilus ;c30 cm0 aGareth Powell aUSA :bCompass Publishing,c2019 a420 a420 THO n a9781640153899